| 000 | 00843cam a22002171 4500 | ||
|---|---|---|---|
| 001 | l 40000092 | ||
| 003 | DLC | ||
| 005 | 20260227111537.0 | ||
| 008 | 721110s1940 dcua f100 0 eng c | ||
| 010 | _al 40000092 | ||
| 035 | _a(OCoLC)491914 | ||
| 040 |
_aU.S. Dept. of Labor. Library _cOClU _dOCoLC _dNNC-L _dDLC |
||
| 043 | _an-us--- | ||
| 050 | 0 | 0 |
_aHV741 _b.W67 1939/40a |
| 111 | 2 |
_aWhite House Conference on Children in a Democracy _d(1939-1940 : _cWashington, D.C.) |
|
| 245 | 1 | 0 |
_aChildren in a democracy; _bgeneral report _cadopted by the White House Conference on Children in a democracy, January 19, 1940, Washington, D.C. |
| 260 |
_a[Washington, _bU.S. Govt. Print. Off., _c1940] |
||
| 300 |
_aix, 86 p. _bdiagrs. _c26 cm. |
||
| 650 | 0 |
_aChild welfare _zUnited States _vCongresses. |
|
| 650 | 0 |
_aChild care _zUnited States _vCongresses. |
|
| 999 |
_c36329 _d36329 |
||